| 000 | 00544nam a22001697a 4500 | ||
|---|---|---|---|
| 100 | _aPorter, C. | ||
| 245 | _aAn Examination of the degree of crosslink distribution heterogeneity in nitrile rubber by double quantum nuclear magnetic resonance | ||
| 260 | _bKatuschuk Gummi Kunststoffe, 76(1): 2023. 44-53. | ||
| 300 | _bFebruary | ||
| 650 | _aCrosslink density | ||
| 650 | _aCrosslink density distribution | ||
| 650 | _aDouble quantum NMR | ||
| 650 | _aNitrile rubber | ||
| 650 | _aMicro-structure | ||
| 700 | _aPazur, R. | ||
| 942 | _cJS | ||
| 999 |
_c75267 _d75267 |
||